| 000 -LEADER |
| fixed length control field |
01464 a2200241 4500 |
| 003 - CONTROL NUMBER IDENTIFIER |
| control field |
Nust |
| 005 - DATE AND TIME OF LATEST TRANSACTION |
| control field |
20220803113711.0 |
| 010 ## - LIBRARY OF CONGRESS CONTROL NUMBER |
| LC control number |
2004021739 |
| 020 ## - INTERNATIONAL STANDARD BOOK NUMBER |
| International Standard Book Number |
047168449X (cloth) |
| 040 ## - CATALOGING SOURCE |
| Transcribing agency |
Nust |
| 082 00 - DEWEY DECIMAL CLASSIFICATION NUMBER |
| Classification number |
621.31042,CHI |
| 100 1# - MAIN ENTRY--PERSONAL NAME |
| Personal name |
Chiasson, John Nelson. |
| 9 (RLIN) |
95694 |
| 245 10 - TITLE STATEMENT |
| Title |
Modeling and High Performance Control of Electric Machines / |
| Statement of responsibility, etc. |
John Chiasson. |
| 260 ## - PUBLICATION, DISTRIBUTION, ETC. |
| Place of publication, distribution, etc. |
Hoboken, NJ : |
| Name of publisher, distributor, etc. |
John Wiley, |
| Date of publication, distribution, etc. |
2005. |
| 300 ## - PHYSICAL DESCRIPTION |
| Extent |
xx, 709 p. : |
| Other physical details |
ill. ; |
| Dimensions |
25 cm. |
| 440 #0 - SERIES STATEMENT/ADDED ENTRY--TITLE |
| Title |
IEEE Press series on power engineering |
| 9 (RLIN) |
96394 |
| 505 ## - FORMATTED CONTENTS NOTE |
| Formatted contents note |
DC Machines, Controls, and Magnetic (Page-1), The Physics of The DC Motor (Page-3), Feedback Control (Page-71), Magnetic Fields and Materials (Page-177), Symmetric Balanced Three-Phase AC Machines (Page-413), Induction Motor Control (Page-493), PM Synchronous Motor Control (Page-591), AC Machine Theory (Page-235), Rotating Magnetic Fields (Page-245), The Physics of AC Machines(Page-293), Mathematical Models of AC Machines (Page-363), Trapezoidal Back-Emf PM Synchronous Motors (BLDC) (Page-651), Trigonometric Table and Identities (Page-687). |
| 650 #0 - SUBJECT ADDED ENTRY--TOPICAL TERM |
| Topical term or geographic name entry element |
Telecommunication Engineering |
| 856 41 - ELECTRONIC LOCATION AND ACCESS |
| Materials specified |
Contributor biographical information |
| Uniform Resource Identifier |
<a href="http://www.loc.gov/catdir/enhancements/fy0616/2004021739-b.html">http://www.loc.gov/catdir/enhancements/fy0616/2004021739-b.html</a> |
| 856 41 - ELECTRONIC LOCATION AND ACCESS |
| Materials specified |
Publisher description |
| Uniform Resource Identifier |
<a href="http://www.loc.gov/catdir/enhancements/fy0616/2004021739-d.html">http://www.loc.gov/catdir/enhancements/fy0616/2004021739-d.html</a> |
| 856 41 - ELECTRONIC LOCATION AND ACCESS |
| Materials specified |
Table of contents only |
| Uniform Resource Identifier |
<a href="http://www.loc.gov/catdir/toc/ecip051/2004021739.html">http://www.loc.gov/catdir/toc/ecip051/2004021739.html</a> |
| 942 ## - ADDED ENTRY ELEMENTS (KOHA) |
| Koha item type |
Reference |
| Source of classification or shelving scheme |
|